| 000 | 00942nam0a22002411 4500 | ||
|---|---|---|---|
| 001 | rc\3035839 | ||
| 005 | 20250806201803.0 | ||
| 035 | _a(NLR Aleph) 007176467 | ||
| 090 |
_a17719 _c17719 |
||
| 100 | _a20111004d1942 u y0rusy50 ca | ||
| 101 | 0 | _arus | |
| 102 | _aRU | ||
| 105 | _ay z ||||| | ||
| 200 | 1 |
_aТехнические условия на сдачу в ремонт и приемку из ремонта тракторов, тракторных двигателей и их агрегатов _fНар. ком. зем. СССР. Гл. упр. агротехники и механизации |
|
| 210 |
_aМосква _cИзд-во Наркомзема Союза ССР _d1942 |
||
| 215 |
_a30 с. _d22 см |
||
| 801 | 0 |
_aRU _bNLR _gpsbo |
|
| 801 | 1 |
_aRU _bELAR _2rusmarc |
|
| 852 |
_aNLR _bС _j20 Г-6/75 |
||
| 942 | _cBOOK | ||
| 945 | _aРоссийская национальная библиотека | ||
| 980 | _aNB | ||
| 980 | _aBV | ||